| 000 | 004270000a22001810004500 | ||
|---|---|---|---|
| 003 | MACL | ||
| 005 | 20150801170425.0 | ||
| 008 | 150801b xxu||||| |||| 00| 0 eng d | ||
| 040 |
_aMACL _cMACL |
||
| 041 | _aEnglish | ||
| 082 | _a355/GUB | ||
| 100 |
_aGubbing, M R _94237 |
||
| 245 | _aThe Mutinies In Oudh | ||
| 260 |
_bJanki Prakashan _c1858 _aNew Delhi |
||
| 350 | _a120 | ||
| 650 |
_aMilitry _93426 |
||
| 942 |
_cBK _k355 _2ddc |
||
| 999 |
_c6672 _d6672 |
||